<?xml version="1.0" encoding="UTF-8"?><marc:collection xmlns:marc="http://www.loc.gov/MARC21/slim">
  <marc:record>
    <marc:leader>00000nam  2200000zi 4500</marc:leader>
    <marc:controlfield tag="001">9.935071</marc:controlfield>
    <marc:controlfield tag="003">CaOODSP</marc:controlfield>
    <marc:controlfield tag="005">20240419110508</marc:controlfield>
    <marc:controlfield tag="006">m     o  d f      </marc:controlfield>
    <marc:controlfield tag="007">cr mn|||||||||</marc:controlfield>
    <marc:controlfield tag="008">240307s2015    pica    o    f000 0 eng d</marc:controlfield>
    <marc:datafield tag="040" ind1=" " ind2=" ">
      <marc:subfield code="a">CaOODSP</marc:subfield>
      <marc:subfield code="b">eng</marc:subfield>
      <marc:subfield code="e">rda</marc:subfield>
      <marc:subfield code="c">CaOODSP</marc:subfield>
    </marc:datafield>
    <marc:datafield tag="043" ind1=" " ind2=" ">
      <marc:subfield code="a">n-cn---</marc:subfield>
    </marc:datafield>
    <marc:datafield tag="086" ind1="1" ind2=" ">
      <marc:subfield code="a">V32-160/2015E-PDF</marc:subfield>
    </marc:datafield>
    <marc:datafield tag="245" ind1="1" ind2="0">
      <marc:subfield code="a">Care, compassion, respect : </marc:subfield>
      <marc:subfield code="b">Veterans Affairs Canada strategic plan, 2015-2020.</marc:subfield>
    </marc:datafield>
    <marc:datafield tag="246" ind1="1" ind2="7">
      <marc:subfield code="a">Care, compassion, respect : </marc:subfield>
      <marc:subfield code="b">VAC strategic plan, 2015-2020</marc:subfield>
    </marc:datafield>
    <marc:datafield tag="264" ind1=" " ind2="1">
      <marc:subfield code="a">[Charlottetown, P.E.I.] : </marc:subfield>
      <marc:subfield code="b">Veterans Affairs Canada = Anciens combattants Canada, </marc:subfield>
      <marc:subfield code="c">[2015]</marc:subfield>
    </marc:datafield>
    <marc:datafield tag="300" ind1=" " ind2=" ">
      <marc:subfield code="a">1 online resource (5 pages) : </marc:subfield>
      <marc:subfield code="b">colour illustrations</marc:subfield>
    </marc:datafield>
    <marc:datafield tag="336" ind1=" " ind2=" ">
      <marc:subfield code="a">text</marc:subfield>
      <marc:subfield code="b">txt</marc:subfield>
      <marc:subfield code="2">rdacontent</marc:subfield>
    </marc:datafield>
    <marc:datafield tag="337" ind1=" " ind2=" ">
      <marc:subfield code="a">computer</marc:subfield>
      <marc:subfield code="b">c</marc:subfield>
      <marc:subfield code="2">rdamedia</marc:subfield>
    </marc:datafield>
    <marc:datafield tag="338" ind1=" " ind2=" ">
      <marc:subfield code="a">online resource</marc:subfield>
      <marc:subfield code="b">cr</marc:subfield>
      <marc:subfield code="2">rdacarrier</marc:subfield>
    </marc:datafield>
    <marc:datafield tag="500" ind1=" " ind2=" ">
      <marc:subfield code="a">Issued also in French under title: Soins, compassion, respect : Anciens combattants Canada : plan stratégique, 2015-2020.</marc:subfield>
    </marc:datafield>
    <marc:datafield tag="520" ind1=" " ind2=" ">
      <marc:subfield code="a">"The "Care, Compassion and Respect" strategic plan sets our overall direction for the five-year planning period of 2015 to 2020. This plan reinforces the Veteran centric priority while focusing on seamless transition and service excellence. We will focus on improving the Veterans' experience and be unwaveringly committed to Veterans and their families receiving caring support from their government, and respect from their community and their country. As with previous strategic plans, "Care, Compassion and Respect" will set the context for organizational priorities identified in the Report on Plans and Priorities (RPP), complement our Program Alignment Architecture (PAA), and take advantage of other Government of Canada and departmental planning tools. Further, we will continue to identify targets and deliverables to link our strategic directions with the concrete actions needed to deliver them. …"--Moving foreward, page 5.</marc:subfield>
    </marc:datafield>
    <marc:datafield tag="610" ind1="1" ind2="0">
      <marc:subfield code="a">Canada. </marc:subfield>
      <marc:subfield code="b">Veterans Affairs Canada</marc:subfield>
      <marc:subfield code="x">Planning.</marc:subfield>
    </marc:datafield>
    <marc:datafield tag="650" ind1=" " ind2="0">
      <marc:subfield code="a">Strategic planning</marc:subfield>
      <marc:subfield code="z">Canada.</marc:subfield>
    </marc:datafield>
    <marc:datafield tag="710" ind1="1" ind2=" ">
      <marc:subfield code="a">Canada. </marc:subfield>
      <marc:subfield code="b">Veterans Affairs Canada, </marc:subfield>
      <marc:subfield code="e">issuing body.</marc:subfield>
    </marc:datafield>
    <marc:datafield tag="775" ind1="0" ind2="8">
      <marc:subfield code="t">Soins, compassion, respect : </marc:subfield>
      <marc:subfield code="w">(CaOODSP)9.937136</marc:subfield>
    </marc:datafield>
    <marc:datafield tag="856" ind1="4" ind2="0">
      <marc:subfield code="q">PDF</marc:subfield>
      <marc:subfield code="s">4.41 MB</marc:subfield>
      <marc:subfield code="u">https://publications.gc.ca/collections/collection_2024/acc-vac/V32-160-2015-eng.pdf</marc:subfield>
    </marc:datafield>
  </marc:record>
</marc:collection>
